THEORY & DESIGN OF HYDRAULIC MACHINES INCLUDING BASIC FLUID MECHANICS (Record no. 817801)

MARC details
000 -LEADER
fixed length control field 00377pam a2200145a 44500
008 - FIXED-LENGTH DATA ELEMENTS--GENERAL INFORMATION
fixed length control field 230405s2015 xxu||||| |||| 00| 0 eng d
041 ## - LANGUAGE CODE
Language code of text/sound track or separate title ENG
100 ## - MAIN ENTRY--PERSONAL NAME
Personal name VASANDANI V P
245 ## - TITLE STATEMENT
Title THEORY & DESIGN OF HYDRAULIC MACHINES INCLUDING BASIC FLUID MECHANICS
260 ## - PUBLICATION, DISTRIBUTION, ETC.
Place of publication, distribution, etc. NEW DELHI
Name of publisher, distributor, etc. KHANNA PUB
Date of publication, distribution, etc. 2015
300 ## - PHYSICAL DESCRIPTION
Extent P.B,624
650 ## - SUBJECT ADDED ENTRY--TOPICAL TERM
Topical term or geographic name entry element MECH
690 ## - LOCAL SUBJECT ADDED ENTRY--TOPICAL TERM (OCLC, RLIN)
Topical term or geographic name as entry element MECH
906 ## - LOCAL DATA ELEMENT F, LDF (RLIN)
a 3606
Holdings
Withdrawn status Lost status Damaged status Not for loan Collection Home library Current library Date acquired Source of acquisition Cost, normal purchase price Total Checkouts Full call number Barcode Date last seen Date last checked out Price effective from Koha item type
          College of Engineering, Kolhapur College of Engineering, Kolhapur 10/09/2015 BHARATI MADHYAVARTI SAHAKARI GRAHAK BHANDAR LTD.PUNE 260.00 1 621.39/VAS ECK-UG-16195 26/02/2026 25/02/2026 16/08/2023 Book
          College of Engineering, Kolhapur College of Engineering, Kolhapur 10/09/2015 BHARATI MADHYAVARTI SAHAKARI GRAHAK BHANDAR LTD.PUNE 260.00   621.39/VAS ECK-UG-16194 16/08/2023   16/08/2023 Book
          College of Engineering, Kolhapur College of Engineering, Kolhapur 10/09/2015 BHARATI MADHYAVARTI SAHAKARI GRAHAK BHANDAR LTD.PUNE 260.00 1 621.39/VAS ECK-UG-16193 06/03/2024 05/03/2024 16/08/2023 Book
          College of Engineering, Kolhapur College of Engineering, Kolhapur 10/09/2015 BHARATI MADHYAVARTI SAHAKARI GRAHAK BHANDAR LTD.PUNE 260.00 2 621.39/VAS ECK-UG-16192 05/04/2024 04/04/2024 16/08/2023 Book